[Event "Bundesliga 0001"]
[Site "Deutschland"]
[Date "2001.04.01"]
[Round "13.4"]
[White "Brynell, Stellan"]
[Black "Langheinrich, Ferenc"]
[Result "1-0"]
[WhiteElo "2484"]
[BlackElo "2384"]
[PlyCount "99"]
[EventDate "2000.10.14"]
[EventType "team"]
[EventRounds "15"]
[EventCountry "GER"]
[SourceTitle "Bundesliga 0001"]
[Source "DeepChess"]
[SourceDate "2005.01.01"]
[SourceVersion "1"]
[SourceVersionDate "2005.01.01"]
[SourceQuality "1"]
[WhiteTeam "SF Neukoelln 03 e.V."]
[BlackTeam "Godesberger SK 1929"]
[WhiteTeamCountry "GER"]
[BlackTeamCountry "GER"]

1. e4 c6 2. d4 d5 3. exd5 cxd5 4. c4 Nf6 5. Nc3 Nc6 6. Nf3 Bg4 7. cxd5 Nxd5 8.
Qb3 Bxf3 9. gxf3 Nb6 10. Be3 e6 11. O-O-O Be7 12. d5 exd5 13. Nxd5 Nxd5 14.
Rxd5 Qc7 15. Kb1 O-O 16. f4 Nb4 17. Rd4 Qc6 18. Rg1 Rad8 19. Rc4 Qh6 20. Be2
Nd5 21. Bf3 Nxe3 22. Qxe3 Qf6 23. Qe5 b6 24. Rc7 Qxe5 25. fxe5 Bc5 26. e6 Rd2
27. e7 Bxe7 28. Rxe7 Rxf2 29. Bd5 a5 30. Rg2 Rf5 31. Rd7 g6 32. a3 Kg7 33. Rc2
h5 34. Rc6 b5 35. Rb6 b4 36. axb4 Rf1+ 37. Ka2 axb4 38. Rxb4 g5 39. Rb3 Kg6 40.
Rb6+ Kg7 41. h3 Rf4 42. b4 g4 43. hxg4 hxg4 44. Kb3 g3 45. Rc6 Rg4 46. Rc2 Kg6
47. b5 Kf5 48. b6 Rb8 49. b7 Ke5 50. Re2+ 1-0

[Event "Bundesliga 0001"]
[Site "Deutschland"]
[Date "2001.04.01"]
[Round "13.5"]
[White "Jackelen, Thomas"]
[Black "Borriss, Martin"]
[Result "1/2-1/2"]
[WhiteElo "2373"]
[BlackElo "2439"]
[PlyCount "83"]
[EventDate "2000.10.14"]
[EventType "team"]
[EventRounds "15"]
[EventCountry "GER"]
[SourceTitle "Bundesliga 0001"]
[Source "DeepChess"]
[SourceDate "2005.01.01"]
[SourceVersion "1"]
[SourceVersionDate "2005.01.01"]
[SourceQuality "1"]
[WhiteTeam "Godesberger SK 1929"]
[BlackTeam "SF Neukoelln 03 e.V."]
[WhiteTeamCountry "GER"]
[BlackTeamCountry "GER"]

1. Nf3 Nf6 2. c4 g6 3. Nc3 Bg7 4. e4 d6 5. d4 O-O 6. Be2 e5 7. dxe5 dxe5 8.
Qxd8 Rxd8 9. Bg5 Rf8 10. Nxe5 Nxe4 11. Nxe4 Bxe5 12. O-O-O Nc6 13. Nf6+ Kg7 14.
Nd5 Nd4 15. Rhe1 f6 16. Bf1 c5 17. Be3 Bf5 18. f4 Bd6 19. Bxd4 cxd4 20. Rxd4
Rae8 21. Ne3 Rxe3 22. Rxe3 Bc5 23. Rdd3 Bxd3 24. Rxd3 Re8 25. Rd7+ Re7 26.
Rxe7+ Bxe7 27. Kd2 f5 28. Be2 Bd6 29. Ke3 Kf6 30. g4 fxg4 31. Bxg4 g5 32. fxg5+
Kxg5 33. h3 Kf6 34. Ke4 b6 35. Kd5 Bc5 36. Kc6 a5 37. a3 h6 38. b4 axb4 39.
axb4 Bxb4 40. Kxb6 Ke7 41. c5 Kd8 42. c6 1/2-1/2

[Event "Bundesliga 0001"]
[Site "Deutschland"]
[Date "2001.04.01"]
[Round "13.6"]
[White "Polzin, Rainer"]
[Black "Seger, Ruediger"]
[Result "1-0"]
[WhiteElo "2465"]
[BlackElo "2399"]
[PlyCount "101"]
[EventDate "2000.10.14"]
[EventType "team"]
[EventRounds "15"]
[EventCountry "GER"]
[SourceTitle "Bundesliga 0001"]
[Source "DeepChess"]
[SourceDate "2005.01.01"]
[SourceVersion "1"]
[SourceVersionDate "2005.01.01"]
[SourceQuality "1"]
[WhiteTeam "SF Neukoelln 03 e.V."]
[BlackTeam "Godesberger SK 1929"]
[WhiteTeamCountry "GER"]
[BlackTeamCountry "GER"]

1. e4 c6 2. d4 d5 3. e5 c5 4. dxc5 e6 5. Nf3 Bxc5 6. Bd3 Nc6 7. O-O f6 8. Qe2
fxe5 9. Nxe5 Nf6 10. Bb5 O-O 11. Bxc6 bxc6 12. Nd2 Qb6 13. Ndf3 Ba6 14. c4 Rae8
15. b3 Bd6 16. Qc2 c5 17. Bf4 Qc7 18. Bg3 Ne4 19. Rfe1 Rf5 20. Rxe4 dxe4 21.
Qxe4 Bb7 22. Qe3 Rd8 23. Re1 Re8 24. Re2 Rff8 25. Ne1 a5 26. N1d3 Rc8 27. f3
Rfe8 28. Kf2 a4 29. Nb2 axb3 30. axb3 Qb6 31. Nd7 Bxg3+ 32. hxg3 Qc7 33. Ne5
Red8 34. Ned3 Qd6 35. Qxe6+ Qxe6 36. Rxe6 Bc6 37. Ke3 Re8 38. Rxe8+ Rxe8+ 39.
Kd2 Rc8 40. Nxc5 Bxf3 41. gxf3 Rxc5 42. b4 Rc8 43. b5 Kf7 44. Kc3 Ke6 45. Nd3
g5 46. f4 g4 47. Kd4 h5 48. b6 Rd8+ 49. Ke4 Kd6 50. Ne5 Kc5 51. b7 1-0

[Event "Bundesliga 0001"]
[Site "Deutschland"]
[Date "2001.04.01"]
[Round "13.7"]
[White "Schmidt, Bodo"]
[Black "Hellsten, Johan"]
[Result "0-1"]
[WhiteElo "2368"]
[BlackElo "2470"]
[PlyCount "74"]
[EventDate "2000.10.14"]
[EventType "team"]
[EventRounds "15"]
[EventCountry "GER"]
[SourceTitle "Bundesliga 0001"]
[Source "DeepChess"]
[SourceDate "2005.01.01"]
[SourceVersion "1"]
[SourceVersionDate "2005.01.01"]
[SourceQuality "1"]
[WhiteTeam "Godesberger SK 1929"]
[BlackTeam "SF Neukoelln 03 e.V."]
[WhiteTeamCountry "GER"]
[BlackTeamCountry "GER"]

1. d4 Nf6 2. Bg5 e6 3. e4 c5 4. e5 h6 5. Bc1 Nh7 6. d5 exd5 7. Qxd5 Nc6 8. Bc4
Qe7 9. Nf3 Nf6 10. Qxf7+ Qxf7 11. Bxf7+ Kxf7 12. exf6 d5 13. fxg7 Bxg7 14. O-O
Bg4 15. Nbd2 Nb4 16. c3 Nd3 17. h3 Bh5 18. g4 Bg6 19. Rd1 h5 20. Nf1 hxg4 21.
hxg4 Rh1+ 22. Kg2 Rah8 23. Be3 Be4 24. Rxd3 Bxd3 25. Bxc5 Be4 26. Bd6 Ke6 27.
Bg3 Rxf1 28. Rxf1 Rf8 29. Re1 Rxf3 30. Kf1 b5 31. Ke2 a5 32. Bc7 a4 33. a3 d4
34. Kf1 Kd5 35. Rd1 Rh3 36. Ke1 Rh1+ 37. Kd2 dxc3+ 0-1

[Event "Bundesliga 0001"]
[Site "Deutschland"]
[Date "2001.04.01"]
[Round "13.8"]
[White "Poldauf, Dirk"]
[Black "Heinbuch, Detlef"]
[Result "1-0"]
[WhiteElo "2421"]
[BlackElo "2376"]
[PlyCount "97"]
[EventDate "2000.10.14"]
[EventType "team"]
[EventRounds "15"]
[EventCountry "GER"]
[SourceTitle "Bundesliga 0001"]
[Source "DeepChess"]
[SourceDate "2005.01.01"]
[SourceVersion "1"]
[SourceVersionDate "2005.01.01"]
[SourceQuality "1"]
[WhiteTeam "SF Neukoelln 03 e.V."]
[BlackTeam "Godesberger SK 1929"]
[WhiteTeamCountry "GER"]
[BlackTeamCountry "GER"]

1. c4 c5 2. g3 Nf6 3. Bg2 e6 4. Nf3 b6 5. Ne5 d5 6. Qa4+ Nbd7 7. Qc6 Rb8 8.
cxd5 Bb7 9. dxe6 Be7 10. exd7+ Kf8 11. Qb5 Bxg2 12. Rg1 Ba8 13. Nc3 Qc7 14. d4
Bd6 15. Bf4 Rd8 16. Qc4 Bxe5 17. Bxe5 Qxd7 18. O-O-O Qf5 19. dxc5 Rc8 20. Qd4
bxc5 21. Qd6+ Kg8 22. g4 Qe6 23. g5 Qxd6 24. Rxd6 Ne8 25. Rd7 a6 26. h4 Bc6 27.
Ra7 Ra8 28. Rxa8 Bxa8 29. h5 h6 30. g6 Kf8 31. e4 Ke7 32. f4 f5 33. Nd5+ Ke6
34. Rd1 fxe4 35. Ne3 Rf8 36. Rd8 Bc6 37. Rc8 Kd7 38. Rb8 Ke7 39. Rb6 Bb5 40. a4
Be2 41. f5 Kd7 42. Bxg7 Nxg7 43. Rb7+ Kd6 44. Rxg7 Ke5 45. Re7+ Kf4 46. Nd5+
Kg5 47. g7 Rg8 48. f6 Bxh5 49. Re5+ 1-0

[Event "Bundesliga 0001"]
[Site "Deutschland"]
[Date "2001.04.01"]
[Round "13.2"]
[White "Hansen, Sune Berg"]
[Black "Hall, Jesper"]
[Result "1-0"]
[WhiteElo "2545"]
[BlackElo "2498"]
[PlyCount "47"]
[EventDate "2000.10.14"]
[EventType "team"]
[EventRounds "15"]
[EventCountry "GER"]
[SourceTitle "Bundesliga 0001"]
[Source "DeepChess"]
[SourceDate "2005.01.01"]
[SourceVersion "1"]
[SourceVersionDate "2005.01.01"]
[SourceQuality "1"]
[WhiteTeam "Hamburger SK 1830 e.V."]
[BlackTeam "SV Wattenscheid 1930"]
[WhiteTeamCountry "GER"]
[BlackTeamCountry "GER"]

1. e4 c5 2. Nf3 Nc6 3. Bb5 g6 4. O-O Bg7 5. c3 Nf6 6. Re1 O-O 7. e5 Nd5 8. d4
cxd4 9. cxd4 d6 10. Nc3 Nxc3 11. bxc3 Bg4 12. exd6 exd6 13. h3 Bxf3 14. Qxf3
Qa5 15. Bxc6 bxc6 16. Bf4 d5 17. Re7 Qa3 18. Rae1 Rad8 19. Bc7 Rc8 20. Rd7 Qxa2
21. g4 Qb3 22. Kg2 f6 23. Ree7 Bh8 24. Qe3 1-0

[Event "Bundesliga 0001"]
[Site "Deutschland"]
[Date "2001.04.01"]
[Round "13.3"]
[White "Handke, Florian"]
[Black "Wahls, Matthias"]
[Result "0-1"]
[WhiteElo "2455"]
[BlackElo "2568"]
[PlyCount "74"]
[EventDate "2000.10.14"]
[EventType "team"]
[EventRounds "15"]
[EventCountry "GER"]
[SourceTitle "Bundesliga 0001"]
[Source "DeepChess"]
[SourceDate "2005.01.01"]
[SourceVersion "1"]
[SourceVersionDate "2005.01.01"]
[SourceQuality "1"]
[WhiteTeam "SV Wattenscheid 1930"]
[BlackTeam "Hamburger SK 1830 e.V."]
[WhiteTeamCountry "GER"]
[BlackTeamCountry "GER"]

1. e4 c5 2. Nf3 d6 3. d4 cxd4 4. Nxd4 Nf6 5. Nc3 a6 6. Be2 e5 7. Nb3 Be7 8. O-O
O-O 9. Be3 Be6 10. Nd5 Nbd7 11. Qd3 Bxd5 12. exd5 Qc7 13. c4 Nc5 14. Qc2 a5 15.
Nd2 Na6 16. Rac1 Nd7 17. a3 Rae8 18. Bd3 h6 19. Rb1 Nf6 20. h3 Nc5 21. Be2 a4
22. Bxc5 dxc5 23. Qxa4 e4 24. b4 Qe5 25. Rfe1 e3 26. Nf3 exf2+ 27. Kxf2 Ne4+
28. Kg1 Qg3 29. Bd3 Nc3 30. Qd7 Nxb1 31. Bxb1 Qd6 32. Qf5 g6 33. Qe4 cxb4 34.
axb4 Qxb4 35. Kh1 Kg7 36. Nd4 Bh4 37. Ne6+ Rxe6 0-1

[Event "Bundesliga 0001"]
[Site "Deutschland"]
[Date "2001.04.01"]
[Round "13.4"]
[White "Mueller, Karsten"]
[Black "Holzke, Frank"]
[Result "1/2-1/2"]
[WhiteElo "2513"]
[BlackElo "2470"]
[PlyCount "94"]
[EventDate "2000.10.14"]
[EventType "team"]
[EventRounds "15"]
[EventCountry "GER"]
[SourceTitle "Bundesliga 0001"]
[Source "DeepChess"]
[SourceDate "2005.01.01"]
[SourceVersion "1"]
[SourceVersionDate "2005.01.01"]
[SourceQuality "1"]
[WhiteTeam "Hamburger SK 1830 e.V."]
[BlackTeam "SV Wattenscheid 1930"]
[WhiteTeamCountry "GER"]
[BlackTeamCountry "GER"]

1. e4 e6 2. d4 d5 3. Nc3 Nf6 4. Bg5 dxe4 5. Nxe4 Be7 6. Bxf6 Bxf6 7. Nf3 O-O 8.
Qd2 Nd7 9. O-O-O b6 10. Bc4 Bb7 11. Rhe1 Bd5 12. Bxd5 exd5 13. Nxf6+ Nxf6 14.
Ne5 Qd6 15. f3 c5 16. g4 Rac8 17. dxc5 Rxc5 18. Qd4 a5 19. Re2 Rfc8 20. Rde1
Nd7 21. Nxd7 Qxd7 22. Kb1 h6 23. h4 Qc6 24. Qd3 d4 25. h5 b5 26. Rc1 Rc4 27.
Re4 b4 28. f4 a4 29. Rxd4 Rxd4 30. Qxd4 b3 31. axb3 axb3 32. Qd3 Qg2 33. Qxb3
Qxg4 34. Qd5 Qxf4 35. c4 Qf6 36. c5 Rb8 37. Qd2 Qc6 38. Qd4 Re8 39. Rg1 f6 40.
Rd1 Re5 41. Qc4+ Kh7 42. Qc2+ f5 43. Rc1 Kh8 44. Qc4 Re4 45. Qf7 Re5 46. Qc4
Re4 47. Qf7 Re5 1/2-1/2

[Event "Bundesliga 0001"]
[Site "Deutschland"]
[Date "2001.04.01"]
[Round "13.5"]
[White "Straeter, Timo"]
[Black "Gustafsson, Jan"]
[Result "1/2-1/2"]
[WhiteElo "2370"]
[BlackElo "2506"]
[PlyCount "101"]
[EventDate "2000.10.14"]
[EventType "team"]
[EventRounds "15"]
[EventCountry "GER"]
[SourceTitle "Bundesliga 0001"]
[Source "DeepChess"]
[SourceDate "2005.01.01"]
[SourceVersion "1"]
[SourceVersionDate "2005.01.01"]
[SourceQuality "1"]
[WhiteTeam "SV Wattenscheid 1930"]
[BlackTeam "Hamburger SK 1830 e.V."]
[WhiteTeamCountry "GER"]
[BlackTeamCountry "GER"]

1. d4 Nf6 2. Nf3 e6 3. c4 b6 4. e3 Bb7 5. Bd3 c5 6. O-O g6 7. Nc3 Bg7 8. b3 O-O
9. Bb2 d6 10. Qe2 Nbd7 11. Rad1 a6 12. Bc2 Qc7 13. Ba1 Rfe8 14. dxc5 Nxc5 15.
Rd2 Rac8 16. Rfd1 Bf8 17. h3 Qb8 18. Nh2 Ncd7 19. Ng4 Be7 20. f4 Bc6 21. Qf2 b5
22. cxb5 axb5 23. Ne2 Ba8 24. Bb1 b4 25. Nd4 Rc5 26. Nf3 Bxf3 27. Qxf3 d5 28.
Bd4 Rcc8 29. Bd3 Nxg4 30. Qxg4 Bc5 31. Kh1 Bxd4 32. exd4 Rc3 33. Rc2 Rec8 34.
Rxc3 Rxc3 35. h4 Qc7 36. Qg5 Rc1 37. Rxc1 Qxc1+ 38. Kh2 Kg7 39. h5 h6 40. Qg3
g5 41. f5 Qf4 42. Qxf4 gxf4 43. fxe6 fxe6 44. g3 Nf6 45. Kg2 fxg3 46. Bg6 Ng8
47. Kxg3 Ne7 48. Bd3 Nf5+ 49. Bxf5 exf5 50. Kf3 Kf6 51. Kf4 1/2-1/2

[Event "Bundesliga 0001"]
[Site "Deutschland"]
[Date "2001.04.01"]
[Round "13.6"]
[White "Heinemann, Thies"]
[Black "Franke, Johannes"]
[Result "1/2-1/2"]
[WhiteElo "2468"]
[BlackElo "2290"]
[PlyCount "35"]
[EventDate "2000.10.14"]
[EventType "team"]
[EventRounds "15"]
[EventCountry "GER"]
[SourceTitle "Bundesliga 0001"]
[Source "DeepChess"]
[SourceDate "2005.01.01"]
[SourceVersion "1"]
[SourceVersionDate "2005.01.01"]
[SourceQuality "1"]
[WhiteTeam "Hamburger SK 1830 e.V."]
[BlackTeam "SV Wattenscheid 1930"]
[WhiteTeamCountry "GER"]
[BlackTeamCountry "GER"]

1. e4 c6 2. d4 d5 3. e5 Bf5 4. Nf3 e6 5. Be2 Nd7 6. O-O Ne7 7. Re1 Bg6 8. Nbd2
Nf5 9. Nf1 Be7 10. Bd3 Nh4 11. Nxh4 Bxh4 12. Re3 Bg5 13. Rh3 Bxc1 14. Rxc1 Qe7
15. Bxg6 fxg6 16. Ne3 O-O 17. c3 Rf4 18. Rf3 1/2-1/2

[Event "Bundesliga 0001"]
[Site "Deutschland"]
[Date "2001.04.01"]
[Round "13.7"]
[White "Blecken, Volker"]
[Black "Reeh, Oliver"]
[Result "1/2-1/2"]
[WhiteElo "2275"]
[BlackElo "2420"]
[PlyCount "89"]
[EventDate "2000.10.14"]
[EventType "team"]
[EventRounds "15"]
[EventCountry "GER"]
[SourceTitle "Bundesliga 0001"]
[Source "DeepChess"]
[SourceDate "2005.01.01"]
[SourceVersion "1"]
[SourceVersionDate "2005.01.01"]
[SourceQuality "1"]
[WhiteTeam "SV Wattenscheid 1930"]
[BlackTeam "Hamburger SK 1830 e.V."]
[WhiteTeamCountry "GER"]
[BlackTeamCountry "GER"]

1. d4 Nf6 2. Nf3 g6 3. c4 Bg7 4. Nc3 O-O 5. e4 d6 6. Be2 c5 7. O-O cxd4 8. Nxd4
Nc6 9. Be3 Re8 10. Rc1 Nxd4 11. Bxd4 Bh6 12. f4 e5 13. Be3 Be6 14. Qd2 exf4 15.
Bxf4 Bxf4 16. Qxf4 Qb6+ 17. Kh1 Nd7 18. Nb5 a6 19. Nxd6 Rf8 20. b3 Rad8 21.
Rcd1 Qc7 22. h4 f6 23. Rd2 Ne5 24. Rfd1 b6 25. g4 Qe7 26. b4 Bd7 27. c5 Bc6 28.
Kg1 bxc5 29. bxc5 a5 30. Rc1 Rb8 31. Bd1 a4 32. a3 Qe6 33. h5 gxh5 34. Nf5 Ng6
35. Qh6 Rb7 36. gxh5 Qxe4 37. hxg6 Qxf5 38. Rf2 Qxg6+ 39. Qxg6+ hxg6 40. Rf4
Rb2 41. Bxa4 g5 42. Rd4 Rc8 43. Bxc6 Rxc6 44. Rb4 Re2 45. Rb6 1/2-1/2

[Event "Bundesliga 0001"]
[Site "Deutschland"]
[Date "2001.04.01"]
[Round "13.8"]
[White "Sebastian, Dirk"]
[Black "Lauzeningks, Jan"]
[Result "1-0"]
[WhiteElo "2334"]
[BlackElo "2307"]
[PlyCount "79"]
[EventDate "2000.10.14"]
[EventType "team"]
[EventRounds "15"]
[EventCountry "GER"]
[SourceTitle "Bundesliga 0001"]
[Source "DeepChess"]
[SourceDate "2005.01.01"]
[SourceVersion "1"]
[SourceVersionDate "2005.01.01"]
[SourceQuality "1"]
[WhiteTeam "Hamburger SK 1830 e.V."]
[BlackTeam "SV Wattenscheid 1930"]
[WhiteTeamCountry "GER"]
[BlackTeamCountry "GER"]

1. e4 c5 2. Nf3 e6 3. d4 cxd4 4. Nxd4 Nf6 5. Nc3 d6 6. f4 Nc6 7. Be2 a6 8. Be3
Qc7 9. O-O Be7 10. Qe1 Nxd4 11. Bxd4 e5 12. fxe5 dxe5 13. Qg3 Bc5 14. Bxc5
Qxc5+ 15. Kh1 Kf8 16. Nd5 Nxe4 17. Qxe5 Nf6 18. Rad1 Be6 19. b4 Qc6 20. Nxf6
gxf6 21. Qxf6 Rg8 22. Bf3 Qc4 23. Bxb7 Re8 24. Bd5 Bxd5 25. Qd6+ Re7 26. Qxd5
Qxc2 27. Qd8+ Re8 28. Qd6+ Re7 29. Qd8+ Re8 30. Rxf7+ Kxf7 31. Rf1+ Kg6 32.
Qf6+ Kh5 33. g4+ Rxg4 34. Rf5+ Qxf5 35. Qxf5+ Kh4 36. Qxh7+ Kg5 37. Qg7+ Kf4
38. Qf7+ Ke3 39. Qxe8+ Kf2 40. Qf7+ 1-0

[Event "Bundesliga 0001"]
[Site "Deutschland"]
[Date "2001.04.01"]
[Round "13.1"]
[White "Van der Sterren, Paul"]
[Black "Shirov, Alexei"]
[Result "1/2-1/2"]
[WhiteElo "2569"]
[BlackElo "2746"]
[PlyCount "94"]
[EventDate "2000.10.14"]
[EventType "team"]
[EventRounds "15"]
[EventCountry "GER"]
[SourceTitle "Bundesliga 0001"]
[Source "DeepChess"]
[SourceDate "2005.01.01"]
[SourceVersion "1"]
[SourceVersionDate "2005.01.01"]
[SourceQuality "1"]
[WhiteTeam "SV Castrop Rauxel 1923"]
[BlackTeam "Luebecker SV von 1873 "]
[WhiteTeamCountry "GER"]
[BlackTeamCountry "GER"]

1. d4 d5 2. c4 c6 3. Nc3 Nf6 4. cxd5 cxd5 5. Bf4 Nc6 6. e3 a6 7. Bd3 Bg4 8. f3
Bh5 9. Nge2 e6 10. O-O Be7 11. Rc1 O-O 12. Na4 Nd7 13. a3 Bg6 14. b4 Rc8 15.
Nc5 Nxc5 16. bxc5 Qa5 17. Bxg6 hxg6 18. Qb3 e5 19. dxe5 g5 20. Bg3 Bxc5 21. Bf2
Nxe5 22. Qxd5 Bb6 23. Qxb7 Rxc1 24. Rxc1 Nd3 25. Rc8 Bc5 26. Rxf8+ Bxf8 27. Qb1
Qxa3 28. Nd4 Qc3 29. Kf1 Bb4 30. Bg3 a5 31. Qc2 a4 32. Qxc3 Bxc3 33. Nb5 Bb2
34. Ke2 a3 35. Nxa3 Nc1+ 36. Kd2 Bxa3 37. Kc2 f5 38. Be1 f4 39. exf4 Ne2 40.
fxg5 Nf4 41. g3 Ne6 42. f4 Nd4+ 43. Kd3 Nf3 44. Bf2 Nxh2 45. Ke2 Bb2 46. Bg1
Ng4 47. Kf3 Ne5+ 1/2-1/2

[Event "Bundesliga 0001"]
[Site "Deutschland"]
[Date "2001.04.01"]
[Round "13.3"]
[White "Rogers, Ian"]
[Black "Epishin, Vladimir"]
[Result "1/2-1/2"]
[WhiteElo "2558"]
[BlackElo "2567"]
[PlyCount "92"]
[EventDate "2000.10.14"]
[EventType "team"]
[EventRounds "15"]
[EventCountry "GER"]
[SourceTitle "Bundesliga 0001"]
[Source "DeepChess"]
[SourceDate "2005.01.01"]
[SourceVersion "1"]
[SourceVersionDate "2005.01.01"]
[SourceQuality "1"]
[WhiteTeam "SV Castrop Rauxel 1923"]
[BlackTeam "Luebecker SV von 1873 "]
[WhiteTeamCountry "GER"]
[BlackTeamCountry "GER"]

1. d4 Nf6 2. Bg5 e6 3. e4 h6 4. Bxf6 Qxf6 5. c3 d5 6. e5 Qd8 7. Nf3 c5 8. dxc5
Nd7 9. b4 Be7 10. Bd3 Qc7 11. Qe2 a5 12. O-O O-O 13. Nbd2 b6 14. cxb6 Nxb6 15.
Rfc1 Bd7 16. c4 dxc4 17. Nxc4 Nxc4 18. Rxc4 Qb7 19. Nd4 Ra7 20. b5 Bxb5 21.
Nxb5 Qxb5 22. Rg4 Qd5 23. Qe3 f5 24. exf6 Bxf6 25. Rd1 Rd7 26. h4 Kh8 27. Bc2
Qh5 28. Rxd7 Qxg4 29. Qd3 Qf5 30. Qd6 Be5 31. Bxf5 Bxd6 32. Rxd6 Rxf5 33. Rxe6
Rf4 34. g3 Ra4 35. Re2 h5 36. Kf1 Kh7 37. Ke1 Kg6 38. Kd1 Kf5 39. Rc2 g6 40.
Kc1 Ra3 41. Kb2 Rf3 42. Rc5+ Ke4 43. Rxa5 Rxf2+ 44. Kb1 Rf1+ 45. Kc2 Rf2+ 46.
Kb1 Rf1+ 1/2-1/2

[Event "Bundesliga 0001"]
[Site "Deutschland"]
[Date "2001.04.01"]
[Round "13.4"]
[White "Hodgson, Julian M"]
[Black "King, Daniel J"]
[Result "1-0"]
[WhiteElo "2640"]
[BlackElo "2525"]
[PlyCount "55"]
[EventDate "2000.10.14"]
[EventType "team"]
[EventRounds "15"]
[EventCountry "GER"]
[SourceTitle "Bundesliga 0001"]
[Source "DeepChess"]
[SourceDate "2005.01.01"]
[SourceVersion "1"]
[SourceVersionDate "2005.01.01"]
[SourceQuality "1"]
[WhiteTeam "Luebecker SV von 1873 "]
[BlackTeam "SV Castrop Rauxel 1923"]
[WhiteTeamCountry "GER"]
[BlackTeamCountry "GER"]

1. c4 b6 2. Nc3 Bb7 3. d4 e6 4. a3 g6 5. d5 exd5 6. cxd5 Bg7 7. e4 Nf6 8. Bd3
O-O 9. Nge2 d6 10. O-O c6 11. Bg5 h6 12. Bh4 Nbd7 13. dxc6 Bxc6 14. Nd5 Re8 15.
Nd4 Bb7 16. Ba6 Bxd5 17. exd5 Nc5 18. Nc6 Qd7 19. Be2 Qf5 20. Bf3 g5 21. Bg3
Nfe4 22. Rb1 a5 23. h3 a4 24. Bh2 Nb3 25. Bxe4 Rxe4 26. Bxd6 Rae8 27. Bb4 Re2
28. d6 1-0

[Event "Bundesliga 0001"]
[Site "Deutschland"]
[Date "2001.04.01"]
[Round "13.5"]
[White "Seul, Georg"]
[Black "Agdestein, Simen"]
[Result "0-1"]
[WhiteElo "2447"]
[BlackElo "2590"]
[PlyCount "102"]
[EventDate "2000.10.14"]
[EventType "team"]
[EventRounds "15"]
[EventCountry "GER"]
[SourceTitle "Bundesliga 0001"]
[Source "DeepChess"]
[SourceDate "2005.01.01"]
[SourceVersion "1"]
[SourceVersionDate "2005.01.01"]
[SourceQuality "1"]
[WhiteTeam "SV Castrop Rauxel 1923"]
[BlackTeam "Luebecker SV von 1873 "]
[WhiteTeamCountry "GER"]
[BlackTeamCountry "GER"]

1. e4 c5 2. Nf3 e6 3. c3 Nf6 4. e5 Nd5 5. d4 cxd4 6. cxd4 d6 7. Bc4 Nc6 8. O-O
Be7 9. Qe2 Nb6 10. Bb3 d5 11. Nc3 a5 12. Bc2 Bd7 13. Be3 Nc4 14. Bd3 Nxe3 15.
fxe3 O-O 16. Rad1 g6 17. e4 Nb4 18. exd5 Nxd5 19. Nxd5 exd5 20. h3 Kg7 21. Rc1
Qb6 22. Kh1 Rae8 23. Qc2 Bc6 24. h4 Bd8 25. Rf2 Bd7 26. Qc5 Qe6 27. Bb5 Bxb5
28. Qxb5 Qg4 29. Qxd5 Bxh4 30. Re2 Bg3 31. Rc7 Rd8 32. Qc4 Qh5+ 33. Kg1 g5 34.
Re4 g4 35. Qe6 Kh8 36. Qxg4 Qg6 37. Qxg6 fxg6 38. Rg4 Bf4 39. Rh4 h5 40. Rc3
Kg8 41. Rc7 a4 42. Rxb7 Rc8 43. e6 Bg3 44. Re4 Rc1+ 45. Ne1 Bxe1 46. Kh2 Rf1
47. Rb8+ Kg7 48. Rb7+ Kh6 49. Rxe1 Rfxe1 50. d5 Rcd1 51. Rd7 Kg5 0-1

[Event "Bundesliga 0001"]
[Site "Deutschland"]
[Date "2001.04.01"]
[Round "13.6"]
[White "Hansen, Lars Bo"]
[Black "Watson, William N"]
[Result "1/2-1/2"]
[WhiteElo "2562"]
[BlackElo "2527"]
[PlyCount "83"]
[EventDate "2000.10.14"]
[EventType "team"]
[EventRounds "15"]
[EventCountry "GER"]
[SourceTitle "Bundesliga 0001"]
[Source "DeepChess"]
[SourceDate "2005.01.01"]
[SourceVersion "1"]
[SourceVersionDate "2005.01.01"]
[SourceQuality "1"]
[WhiteTeam "Luebecker SV von 1873 "]
[BlackTeam "SV Castrop Rauxel 1923"]
[WhiteTeamCountry "GER"]
[BlackTeamCountry "GER"]

1. d4 d6 2. e4 Nf6 3. Nc3 g6 4. Nf3 Bg7 5. Be2 O-O 6. O-O Bg4 7. Be3 Nc6 8. Qd2
e5 9. dxe5 dxe5 10. Rad1 Qc8 11. Qc1 Rd8 12. Rxd8+ Qxd8 13. Rd1 Qf8 14. h3 Bxf3
15. Bxf3 Rd8 16. Bg5 Rxd1+ 17. Qxd1 Nd4 18. Bxf6 Bxf6 19. Nd5 Bd8 20. c3 Ne6
21. Ne3 c6 22. b4 a5 23. Bg4 Ng5 24. Qd3 axb4 25. cxb4 h5 26. Bc8 Bb6 27. Bxb7
Qxb4 28. Bxc6 Ne6 29. Bd5 Nf4 30. Qd1 Qc3 31. Bxf7+ Kg7 32. Bd5 Bxe3 33. fxe3
Qxe3+ 34. Kh2 Ne2 35. Qe1 Qd3 36. Qf2 Nf4 37. a4 Nxd5 38. exd5 Qxd5 39. Qa7+
Kh6 40. a5 e4 41. Qb8 Qxa5 42. Qf4+ 1/2-1/2

[Event "Bundesliga 0001"]
[Site "Deutschland"]
[Date "2001.04.01"]
[Round "13.8"]
[White "Mortensen, Erling"]
[Black "Hennig, Dirk"]
[Result "1-0"]
[WhiteElo "2438"]
[BlackElo "2442"]
[PlyCount "71"]
[EventDate "2000.10.14"]
[EventType "team"]
[EventRounds "15"]
[EventCountry "GER"]
[SourceTitle "Bundesliga 0001"]
[Source "DeepChess"]
[SourceDate "2005.01.01"]
[SourceVersion "1"]
[SourceVersionDate "2005.01.01"]
[SourceQuality "1"]
[WhiteTeam "Luebecker SV von 1873 "]
[BlackTeam "SV Castrop Rauxel 1923"]
[WhiteTeamCountry "GER"]
[BlackTeamCountry "GER"]

1. e4 g6 2. d4 c6 3. f4 d5 4. e5 h5 5. Nf3 Bg4 6. Nbd2 e6 7. c3 Nd7 8. h3 Bxf3
9. Nxf3 h4 10. Be3 Nh6 11. Bd3 Be7 12. O-O Nf5 13. Bf2 c5 14. c4 dxc4 15. Bxf5
gxf5 16. d5 Qa5 17. d6 Bd8 18. Qc2 Nb6 19. Rfd1 Kd7 20. a4 Rh5 21. Qe2 Rh8 22.
Nd2 Qb4 23. Rdc1 Qxb2 24. a5 c3 25. Rcb1 Qxd2 26. Qb5+ Kc8 27. Qxc5+ Kd7 28.
Qb5+ Kc8 29. axb6 a6 30. Qc4+ Kd7 31. Qa4+ Kc8 32. Rd1 Qe2 33. Re1 Qd3 34. Re3
Qd5 35. Rxc3+ Kb8 36. Qd7 1-0